Chelsea Transfers per year - Statistics

General Stats
  • This quiz has been taken 75 times
  • The average score is 13 of 21
Answer Stats
Year Price Signed from... Answer % Correct
2021 £97.7 million Inter Milan Romelu Lukaku
95%
2016 £32 million Leicester City N'golo Kante
93%
2019 £57 million Borussia Dortmund Christian Pulisic
91%
2020 £72 million Bayer 04 Leverkusen Kai Havertz
91%
2023 £106.8 million Benfica Enzo Fernandez
90%
2018 £71 million Athletic Club Kepa
90%
2004 £24 million Marseille Didier Drogba
83%
2011 £50 million Liverpool Fernando Torres
83%
2022 £75 million Leicester City Wesley Fofana
81%
2017 £60 million Real Madrid Alvaro Morata
76%
2012 £32 million LOSC Lille Eden Hazard
76%
2014 £32 million Atletico Madrid Diego Costa
71%
2006 £38 million AC Milan Andriy Shevchenko
62%
2013 £30 million Anzhi Willian
57%
2015 £26.3 million Fiorentina Juan Cuadrado
38%
2003 £16.8 million Inter Hernan Crespo
33%
2005 £24.4 million Olympique Lyon Michael Essien
33%
2009 £18 million CSKA Moscow Yuriy Zhirkov
31%
2007 £13 million Olympique Lyon Florent Malouda
21%
2010 £17 million Benfica Ramires
19%
2008 £16.3 million Porto Bosingwa
16%
No matching quizzes found
Score Distribution
Percent of People with Each Score
Percentile by Number Answered
Your Score History
You have not taken this quiz